Les Philippes célèbres - Statistiques

Statistiques générales
  • Ce quiz a été pris 276 fois
    138 depuis la dernière actualisation
  • Le résultat moyen est 10 sur 18
Statistiques - réponses
Description Philippe % Correct
Chef cuisinier au crâne dégarni et animateur de "Cauchemar en cuisine" Philippe Etchebest
84%
Maréchal ayant collaboré avec le régime nazi pendant la 2eme guerre mondiale Philippe Pétain
84%
Patineur artistique médaillé bronze aux J.O. de 1994 et 1998 Philippe Candeloro
79%
Acteur humoristique ayant joué dans "Alibi.com" Philippe Lacheau
67%
Animateur de l'émission radio "Les Grosses Têtes" Philippe Bouvard
66%
Chanteur comique de Louxor, j'adore et 100% VIP Philippe Katerine
63%
Chanteur d'origine martiniquaise de Il tape sur des bambous Philippe Lavil
60%
Moitié d'un duo humoristique avec Régis Laspalès Philippe Chevalier
58%
Dessinateur de la bande déssinée Le Chat Philippe Geluck
58%
Ex-entraîneur de Laure Manudou Philippe Lucas
53%
Ex-batteur du groupe anglais Genesis Phil Collins
52%
Acteur ayant joué dans Le vieux fusil et Cinema Paradiso Philippe Noiret
48%
Mari de la reine d'Angleterre Élisabeth II Philippe d'Édimbourg
45%
Présentateur de "Nulle part ailleurs" sur Canal+ pendant 10 ans Philippe Gildas
45%
Animateur qui disparut mysterieusement en Afrique lors du tournage de son émission fétiche "La Chasse au trésor" Philippe de Dieuleveult
42%
Réalisateur de films comme "L'homme de Rio" et "Le magnifique" Philippe de Broca
31%
Architecte et pionnier du courant "design démocratique" Philippe Starck
18%
Acteur américain qui a remporté l'Oscar du meilleur acteur pour Capote (2006) Philip Seymour Hoffman
17%
Aucun quiz correspondant
Distribution des résultats
% des personnes avec chaque résultat
Percentile par nombre de réponses
Votre historique - résultats
Vous n’avez pas pris ce quiz depuis la dernière actualisation